[Event "179th open MGU 14-15 January 2017"]
[Site "Sofia"]
[Date "2017.01.14"]
[Round "1.2"]
[White "Dyakov, Martin"]
[Black "Sharkov, Venko"]
[Result "1-0"]
[WhiteElo "2030"]
[BlackElo "1701"]
[PlyCount "83"]
[EventDate "2017.01.14"]
[EventType "swiss"]
[EventRounds "6"]
[EventCountry "BUL"]
[SourceDate "2008.07.28"]

1. e4 e5 2. Nf3 Nc6 3. Bb5 a6 4. Ba4 Nf6 5. O-O Be7 6. Re1 b5 7. Bb3 d6 8. c3
O-O 9. h3 Nb8 10. d4 Nbd7 11. Nbd2 Bb7 12. Bc2 Re8 13. Nf1 Bf8 14. Ng3 g6 15.
a4 c5 16. d5 Qc7 17. Bg5 h6 18. Be3 Rec8 $146 ({RR} 18... c4 19. Qd2 Kh7 20.
Nh2 h5 21. Bg5 Be7 22. Rf1 Ng8 23. Bxe7 Rxe7 24. axb5 axb5 25. Rxa8 Bxa8 26. f4
exf4 27. Qxf4 Ne5 28. Nf3 f6 29. Nd4 Bb7 30. Qh4 Bc8 31. Bd1 Kg7 32. Bxh5 gxh5
33. Nxh5+ {
Roskar,R (2279)-Budihna,K (2066)/Slovenia 2011/CBM 142 Extra/1-0 (37)}) ({RR} 
18... Bg7 19. Qe2 c4 20. Nh2 Nc5 21. Ng4 Nxg4 22. hxg4 Reb8 23. Nf1 Bc8 24. f3
Bd7 25. axb5 axb5 26. Qd2 Qb6 27. Reb1 Kh7 28. Bf2 Bf6 29. Kh2 Bg5 30. Be3 Bxe3
31. Nxe3 Qd8 32. g3 Rxa1 33. Rxa1 {
Hetenyi,G (2247)-Szilagyi,T (2123)/Hungary 2004/EXT 2008/1-0 (66)}) 19. Qd2 Kh7
20. Nh2 b4 (20... Nb6 21. Qe2 Nc4 22. Bc1 Bg7 23. b3 Na5 24. c4 b4 $14) 21. a5
bxc3 22. bxc3 Rcb8 23. Ng4 Nxg4 24. hxg4 Bc8 25. f3 Rb2 26. Kf2 f6 27. Bxh6 $6
(27. Rh1 $142 $18) 27... Rxc2 28. Qxc2 Bxh6 (28... Kxh6 $142 $15) 29. Rh1 Kg7 {
Äèàãðàììà #} 30. Rxh6 Kxh6 31. Rh1+ Kg7 32. Qc1 g5 33. Nf5+ Kg8 34. Ne7+ Kg7
35. Qg1 Nf8 36. Nc6 Qf7 $4 (36... Kg8 $142 $17) 37. Qh2 Qg6 38. Qh8+ Kf7 39.
Rh6 Bf5 40. Rxg6 Bxg6 41. Qh1 Ke8 42. Qb1 1-0

[Event "179th open MGU 14-15 January 2017"]
[Site "Sofia"]
[Date "2017.01.14"]
[Round "1.3"]
[White "Todev, Simeon"]
[Black "Gelemerov, Yane"]
[Result "0-1"]
[WhiteElo "1649"]
[BlackElo "2024"]
[PlyCount "40"]
[EventDate "2017.01.14"]
[EventType "swiss"]
[EventRounds "6"]
[EventCountry "BUL"]
[SourceDate "2008.07.28"]

1. e4 e5 2. Nf3 Nc6 3. d4 exd4 4. Bc4 Bc5 5. O-O d6 6. b4 Bb6 ({RR} 6... Nxb4
7. c3 dxc3 8. Qb3 Nh6 9. Bxh6 gxh6 10. Bxf7+ Kf8 11. Bc4 Qf6 12. e5 Qg6 13. a3
Nc6 14. Qxc3 Qg7 15. Re1 Bh3 16. g3 Re8 17. Ra2 Nxe5 18. Rae2 Qf6 19. Bd5 c6
20. Rxe5 Rxe5 21. Rxe5 {
Jaeckle,M (2305)-Berczes,D (2415)/Germany 2006/EXT 2008/1/2 (41)}) 7. b5 ({RR} 
7. c3 Qf6 8. Bb2 Bg4 9. Be2 a6 10. a4 d3 11. Qxd3 Nxb4 12. Qd2 Nc6 13. c4 Qg6
14. Nh4 Qh5 15. Nf5 O-O-O 16. Nxg7 Qg6 17. Bxg4+ Qxg4 18. Nf5 f6 19. Nc3 Ne5
20. Kh1 Nxc4 21. Qc2 Nxb2 {Matasaru,S (1454)-Coman,A (1520)/Calimanesti
Caciulata 2016/CBM 172 Extra/1-0 (37)}) 7... Ne5 8. Nxe5 dxe5 9. Qh5 $146 ({RR
} 9. f4 d3+ 10. Kh1 Qd4 11. Bxf7+ ({RR} 11. Qxd3 Qxd3 12. Bxd3 exf4 13. Bb2 f6
14. Rxf4 Ne7 15. a4 Ng6 16. Rf1 Be6 17. Nd2 O-O-O 18. Nc4 Bd4 19. Bxd4 Rxd4 20.
Nd2 Ne5 21. Nf3 Nxf3 22. gxf3 Rhd8 23. Ra3 Bc4 24. Rd1 c5 25. bxc6 bxc6 {
Tranchant,A-Lacrosse,M (2298)/Avoine 2000/EXT 2001/1/2 (57)}) 11... Kxf7 12.
fxe5+ Ke8 13. c3 Qxe5 14. Ba3 Nf6 15. Qxd3 Be6 16. Rd1 Kf7 17. Nd2 Rad8 18. Qe2
h6 19. Nf3 Rxd1+ 20. Rxd1 Qxe4 21. Ne5+ Kg8 22. Rd8+ Kh7 23. Qxe4+ Nxe4 {
Gomez Osorio,J-Munoz Leon,S/Malaga 2002/EXT 2004/0-1 (44)}) ({RR} 9. Kh1 Nf6
10. Bg5 h6 11. Bh4 g5 12. Bg3 Qd6 13. Nd2 Bg4 14. Be2 Be6 15. Nc4 Bxc4 16. Bxc4
Qe7 17. Qf3 Nd7 18. Qf5 Bc5 19. Bd5 Rb8 20. Rfd1 Bd6 21. c3 dxc3 22. Qf3 Nf6
23. Bb3 Bc5 {Tan,L (2340)-Tarazi,A/Siegen 1970/EXT 2002/1-0 (36)}) 9... Qf6 10.
a4 Be6 11. Bg5 Qg6 12. Qxg6 hxg6 13. Bxe6 fxe6 14. Nd2 Nf6 15. Bxf6 $4 (15. Nf3
Nd7 16. a5 $11) 15... gxf6 16. a5 Bc5 17. Nb3 Bd6 18. b6 cxb6 19. axb6 a6 20.
Rac1 Rc8 0-1

[Event "179th open MGU 14-15 January 2017"]
[Site "Sofia"]
[Date "2017.01.14"]
[Round "1.5"]
[White "Babatov, Martin"]
[Black "Andreev, Krasimir"]
[Result "1/2-1/2"]
[WhiteElo "1625"]
[BlackElo "1882"]
[PlyCount "69"]
[EventDate "2017.01.14"]
[EventType "swiss"]
[EventRounds "6"]
[EventCountry "BUL"]
[SourceDate "2008.07.28"]

1. d4 d5 2. c4 c6 3. Bf4 e6 4. e3 Bd6 5. Bxd6 Qxd6 6. c5 ({RR} 6. Qg4 g6 7. Nd2
f5 8. Qh4 Qe7 9. Qf4 Nf6 10. a3 O-O 11. Ngf3 Nbd7 12. h3 Ne4 13. Be2 g5 14. Qc7
h6 15. Ne5 Nxd2 16. Kxd2 Qg7 17. Nxd7 Qxd7 18. Qh2 Qg7 19. c5 f4 20. g4 e5 {
Potapov,A (2399)-Jurek,M (2082)/Pardubice 2014/CBM 161 Extra/1-0 (43)}) 6...
Qc7 7. b4 $146 ({RR} 7. Qg4 f6 8. Bd3 e5 9. Qg3 Qe7 10. Bxh7 exd4 11. Bg6+ Kd8
12. Ne2 dxe3 13. fxe3 Qe5 14. Nbc3 Ne7 15. Bd3 Qxg3+ 16. Nxg3 Nd7 17. Na4 Ne5
18. Be2 Nf5 19. Nxf5 Bxf5 20. O-O Be4 21. Nc3 Bg6 {
Balla,T (2212)-Halasz,F (2112)/Hungary 2005/EXT 2009/0-1 (51)}) 7... b6 8. Nd2
e5 9. Bd3 Nf6 10. h3 O-O 11. Ne2 Nbd7 12. O-O e4 13. Bc2 Nh5 14. f4 Ba6 15. Rf2
g6 16. g4 f5 17. Nf1 Bxe2 18. Rxe2 Ng7 19. Rg2 b5 20. a4 a6 21. axb5 axb5 22.
Bb3 Qb7 23. Rga2 Rxa2 24. Rxa2 Ra8 25. Qa1 Rxa2 26. Qxa2 Kf7 27. Ng3 Nf6 28. g5
Nfe8 29. Bd1 Nc7 30. h4 Qa8 31. Qxa8 Nxa8 32. Ne2 Nc7 33. Nc1 Na6 34. Na2 Ne6
35. Kf2 1/2-1/2

[Event "179th open MGU 14-15 January 2017"]
[Site "Sofia"]
[Date "2017.01.14"]
[Round "1.6"]
[White "Kolev, Lachezar"]
[Black "Georgiev, Nikolay Zh."]
[Result "1-0"]
[WhiteElo "1854"]
[BlackElo "1623"]
[PlyCount "57"]
[EventDate "2017.01.14"]
[EventType "swiss"]
[EventRounds "6"]
[EventCountry "BUL"]
[SourceDate "2008.07.28"]

1. e4 e5 2. Nf3 Nc6 3. Nc3 Bc5 4. Nxe5 Nxe5 5. d4 Bd6 6. dxe5 Bxe5 7. Bc4 Nf6
8. O-O O-O 9. Bg5 ({RR} 9. Re1 Re8 10. Bg5 c6 11. Qf3 Qc7 12. g3 b5 13. Bb3 Bb7
14. Rad1 a5 15. a3 b4 16. Na4 d6 17. Qd3 c5 18. Bxf6 gxf6 19. c3 Rac8 20. Qc4
f5 21. exf5 Bf3 22. Rd3 d5 23. Qxc5 Qb8 {
Gitu,P (2012)-Weis,O (1895)/Prague 2016/CBM 174 Extra/0-1 (50)}) 9... h6 ({RR} 
9... c6 10. Re1 d6 11. Qd2 Re8 12. Nd1 h6 13. Bxf6 Qxf6 14. c3 Bf4 15. Qc2 d5
16. Bd3 Bf5 17. Ne3 Bxe4 18. g3 Bc7 19. Bxe4 Rxe4 20. c4 Qe5 21. cxd5 cxd5 22.
Qb3 Rd8 23. Qxb7 Bb6 24. Kg2 {
Tomczak,R (2375)-Romanishin,O (2555)/Germany 1992/GER-chT2/0-1}) 10. Bxf6 $146
({RR} 10. Bh4 Re8 ({RR} 10... g5 11. Bg3 Bxc3 12. bxc3 d6 13. Re1 Bg4 14. Qd3
Bh5 15. e5 dxe5 16. Bxe5 Qxd3 17. cxd3 Nd7 18. Bxc7 Rfc8 19. Be5 Nxe5 20. Rxe5
a6 21. a4 b5 22. Bd5 Rab8 23. axb5 axb5 24. c4 b4 25. f4 {
Alvarez,A (2131)-Manrique,F (2019)/Bogota 2009/EXT 2014/1-0 (32)}) 11. f3 Qe7 (
{RR} 11... c6 12. a4 Qb6+ 13. Kh1 Qxb2 14. Ne2 Qb4 15. Bb3 Bxa1 16. Qxa1 Qe7
17. Nd4 d6 18. Re1 Qe5 19. c3 Nh7 20. Qc1 Be6 21. Bd1 Rac8 22. f4 Qc5 23. f5
Bc4 24. f6 Nxf6 25. Bxf6 gxf6 26. Bg4 {
Udaykumar,A (1713)-Lohrmann,T (1461)/Willingen 2015/CBM 166 Extra/1/2 (34)})
12. Bd3 c6 13. Rb1 b5 {
0-1 Aripova,N (1844)-Chetina,E (1726)/Kemer 2009/EXT 2010}) 10... Bxf6 11. Qf3
d6 12. Rad1 Be6 13. Bb3 Qd7 14. Qg3 Kh8 15. f4 Bxc3 16. Qxc3 Qc6 17. Qxc6 bxc6
18. e5 Bxb3 19. axb3 d5 20. Rd3 Rab8 21. Ra1 Rb7 22. Rc3 Re8 23. Rxc6 Kh7 24.
Rca6 g5 25. g3 gxf4 26. gxf4 c5 27. Rxa7 Ree7 28. Rxb7 Rxb7 29. Ra6 1-0

[Event "179th open MGU 14-15 January 2017"]
[Site "Sofia"]
[Date "2017.01.14"]
[Round "1.7"]
[White "Gadzhev, Denislav"]
[Black "Ruschukov, Boyan"]
[Result "1/2-1/2"]
[WhiteElo "1577"]
[BlackElo "1844"]
[PlyCount "64"]
[EventDate "2017.01.14"]
[EventType "swiss"]
[EventRounds "6"]
[EventCountry "BUL"]
[SourceDate "2008.07.28"]

1. e4 c5 2. Nf3 d6 3. d4 cxd4 4. Nxd4 Nf6 5. f3 a6 6. c4 e6 7. Nc3 Nc6 8. Be3
Be7 9. Qd2 d5 10. cxd5 exd5 11. exd5 Nxd5 12. Nxd5 Qxd5 13. Nxc6 Qxd2+ 14. Bxd2
bxc6 15. Rc1 Bb7 16. Be2 O-O 17. O-O Rfe8 18. Rfe1 Bf6 19. Bc3 Bxc3 20. Rxc3
Rad8 21. Rc2 g6 22. Kf2 Kf8 23. Rd1 Rxd1 24. Bxd1 Re5 25. Re2 Rxe2+ 26. Bxe2
Ke7 27. Ke3 f6 28. a3 Kd6 29. Bd3 c5 30. Bc4 a5 31. g3 g5 32. f4 h6 1/2-1/2

[Event "179th open MGU 14-15 January 2017"]
[Site "Sofia"]
[Date "2017.01.14"]
[Round "1.8"]
[White "Ignatov, Bojidar"]
[Black "Marholev, Todor"]
[Result "1-0"]
[WhiteElo "1826"]
[BlackElo "1404"]
[PlyCount "75"]
[EventDate "2017.01.14"]
[EventType "swiss"]
[EventRounds "6"]
[EventCountry "BUL"]
[SourceDate "2008.07.28"]

1. d4 d5 2. c4 Nc6 3. Nc3 Nf6 4. cxd5 Nxd5 5. e4 Nxc3 6. bxc3 e6 7. f4 ({RR} 7.
Nf3 Be7 8. Bd3 ({RR} 8. Bb5 Bd7 9. O-O a6 10. Bd3 O-O 11. d5 Na7 12. c4 c6 13.
Ne5 exd5 14. cxd5 cxd5 15. Nxd7 Qxd7 16. exd5 Bf6 17. Rb1 Rfd8 18. Qh5 g6 19.
Qf3 Kg7 20. Be4 Nb5 21. Bh6+ Kxh6 22. Qxf6 Nd6 {
Svetly,J (1962)-De Meester,J/Prague 2016/CBM 170 Extra/1-0}) 8... O-O 9. e5 Na5
10. h4 f5 11. exf6 gxf6 12. Qe2 c5 13. Rh3 Rf7 14. h5 Nc6 15. Bh6 cxd4 16. Rd1
Qa5 17. Kf1 Bf8 18. Bxf8 Kxf8 19. cxd4 Bd7 20. Qe3 Nb4 21. Qh6+ Ke7 {
Gumerov,R (2289)-Matveenko,Y (2228)/Zvenigorod 2005/EXT 2007/1-0 (32)}) 7...
Qh4+ $146 ({RR} 7... b6 8. Nf3 a6 9. Bd3 f5 10. e5 Be7 11. a4 h6 12. h4 Bb7 13.
g3 Na7 14. Kf2 c5 15. Be3 cxd4 16. cxd4 Rc8 17. Qb3 Bd5 18. Qb2 Rc7 19. Bxa6
Be4 20. Rac1 Rd7 21. Rhd1 Kf7 22. Bc4 {
Smirnov,A (1272)-Liu,M (1181)/Montreal 2009/EXT 2011/1-0 (36)}) ({RR} 7... a6
8. Nf3 Be7 9. Bd3 f5 10. O-O O-O 11. Be3 Qe8 12. Qc2 Bd8 13. e5 Be7 14. a3 b5
15. a4 Rb8 16. axb5 axb5 17. Qb3 Nd8 18. c4 Bd7 19. d5 Nf7 20. Qc2 Nh6 21. dxe6
Bxe6 22. cxb5 {Krstic,N-Anakijev,B/Serbia 2011/EXT 2015/1-0 (31)}) ({RR} 7...
Be7 8. Nf3 O-O 9. Bd3 b6 10. O-O a5 11. e5 Bb7 12. Be3 Qd7 13. Nd2 Ba6 14. Ne4
Bxd3 15. Qxd3 Rab8 16. Rf3 f5 17. exf6 Bxf6 18. Rh3 g6 19. Re1 b5 20. Bf2 Be7
21. Bh4 Rxf4 22. Bxe7 {
Holzer,J (1909)-Diebel,G (1682)/Germany 2011/EXT 2013/0-1 (51)}) 8. g3 Qd8 9.
Nf3 Be7 10. Bd3 O-O 11. O-O h5 12. Be3 h4 13. g4 e5 14. Nxe5 Nxe5 15. fxe5 Bg5
16. Bf2 Bf4 17. Qf3 Qg5 18. h3 b5 19. Kg2 Bd2 20. Be1 Bb7 21. Rd1 Bxe1 22.
Rfxe1 f5 23. Qe3 f4 24. Qf3 a6 25. a4 bxa4 26. Bc4+ Kh8 27. Bd5 c6 28. Bc4 Rab8
29. Rb1 c5 30. Bd5 Bxd5 31. exd5 cxd4 32. cxd4 Qg6 33. Rxb8 Rxb8 34. e6 Rb3 35.
e7 Re3 36. Rxe3 fxe3 37. Qf8+ Kh7 38. Qf5 1-0

[Event "179th open MGU 14-15 January 2017"]
[Site "Sofia"]
[Date "2017.01.14"]
[Round "1.9"]
[White "Stefanov, Georgi"]
[Black "Kamenov, Valentin"]
[Result "0-1"]
[WhiteElo "1262"]
[BlackElo "1809"]
[PlyCount "56"]
[EventDate "2017.01.14"]
[EventType "swiss"]
[EventRounds "6"]
[EventCountry "BUL"]
[SourceDate "2008.07.28"]

1. e4 Nf6 2. e5 Nd5 3. d4 d6 4. exd6 exd6 5. Nf3 Be7 6. Be2 O-O 7. O-O Nc6 8.
c4 Nb6 9. Nc3 Bf6 $146 ({RR} 9... Re8 10. h3 ({RR} 10. a3 a5 11. b3 Bf6 12. h3
Bf5 13. Be3 Qd7 14. Qd2 h6 15. Rac1 Bg6 16. Nh2 d5 17. c5 Nc8 18. Bf3 Be4 19.
Bxe4 dxe4 20. d5 Bxc3 21. Rxc3 N6e7 22. Rd1 Rd8 23. Rc4 Qb5 24. Qb2 Rxd5 {
Skoda,M (2017)-Lampir,T (2045)/Czechia 2012/EXT 2015/1-0 (31)}) 10... h6 11.
Be3 Rf8 {1/2 Chih,L (1915)-Valente,R (2075)/Mogi das Cruzes 2014/CBM 162 Extra}
) 10. Be3 Na5 11. Ne4 Naxc4 12. Nxf6+ Qxf6 13. Bg5 Qg6 14. Qb3 Be6 15. Bd3 Qh5
16. Qc2 Bd5 17. Be4 Bxe4 18. Qxe4 d5 19. Qc2 c6 20. b3 Na3 21. Qd2 Rfe8 22.
Rfe1 f6 23. Bf4 Re4 24. Rxe4 dxe4 25. Ne1 Nd5 26. f3 Re8 27. Be3 exf3 28. Nxf3
Rxe3 0-1

[Event "179th open MGU 14-15 January 2017"]
[Site "Sofia"]
[Date "2017.01.14"]
[Round "2.2"]
[White "Kamenov, Valentin"]
[Black "Dyakov, Martin"]
[Result "1-0"]
[WhiteElo "1809"]
[BlackElo "2030"]
[PlyCount "81"]
[EventDate "2017.01.14"]
[EventType "swiss"]
[EventRounds "6"]
[EventCountry "BUL"]
[SourceDate "2008.07.28"]

1. e4 e6 2. d4 d5 3. exd5 exd5 4. Nf3 Nf6 5. Bd3 Bd6 6. O-O O-O 7. Bg5 Bg4 8.
h3 Bh5 9. g4 Bg6 10. Nc3 c6 11. Ne5 Nbd7 12. Nxd7 Qxd7 13. Bxf6 gxf6 14. Qf3
Kg7 15. Ne2 Rae8 16. Ng3 Bxg3 17. fxg3 Re6 $146 ({RR} 17... Qd6 18. Rae1 Re7 ({
RR} 18... Be4 19. Bxe4 dxe4 20. Rxe4 Rxe4 21. Qxe4 Qxg3+ 22. Qg2 Qe3+ 23. Qf2
Re8 24. Kg2 Qxf2+ 25. Rxf2 Re4 26. Rd2 Kg6 27. c4 f5 28. Kf3 Re7 29. d5 fxg4+
30. hxg4 cxd5 31. Rxd5 Re6 {
1/2 Montgomery,H-Lichtenhein,T/Philadelphia,PA 1861/EXT 2002 (31)}) 19. Re3
Bxd3 20. cxd3 Rfe8 21. Rfe1 Re6 22. Rxe6 fxe6 23. Qf4 Qb4 24. Rf1 Qe7 25. h4 h6
26. g5 hxg5 27. hxg5 fxg5 28. Qe5+ Kg6 29. a3 Qg7 30. Rf2 Qe7 31. b4 Rg8 32.
Re2 {Silva,K-Zapata Campos,K/Rio de Janeiro 1998/EXT 2000/0-1 (47)}) 18. Bf5
Bxf5 19. Qxf5 Qe7 20. Rf2 Re1+ 21. Rxe1 Qxe1+ 22. Kg2 Qe7 23. Qd3 Re8 24. c3
Qe4+ 25. Qxe4 Rxe4 26. Kf3 Kg6 27. Re2 Rxe2 28. Kxe2 f5 29. Kf3 fxg4+ 30. Kxg4
f5+ 31. Kf3 Kg5 32. a4 a5 33. h4+ Kf6 34. Kf4 b5 35. b3 h6 36. Ke3 Ke6 37. Kd3
Kd6 38. Kc2 bxa4 39. bxa4 Ke6 40. Kd3 f4 $4 (40... h5 $142 $11) 41. g4 1-0

[Event "179th open MGU 14-15 January 2017"]
[Site "Sofia"]
[Date "2017.01.14"]
[Round "2.3"]
[White "Gelemerov, Yane"]
[Black "Kolev, Lachezar"]
[Result "1-0"]
[WhiteElo "2024"]
[BlackElo "1854"]
[PlyCount "79"]
[EventDate "2017.01.14"]
[EventType "swiss"]
[EventRounds "6"]
[EventCountry "BUL"]
[SourceDate "2008.07.28"]

1. e4 c5 2. Nc3 e6 3. Nf3 d6 4. Bc4 a6 5. a4 b6 ({Relevant:} 5... Nf6 6. d4
cxd4 7. Nxd4 Be7 8. O-O O-O 9. Be3 Qc7 10. Be2 Nbd7 11. Nb3 b6 12. f4 Bb7 13.
Bf3 Rac8 14. Kh1 Qb8 15. Qe2 Qa8 16. Bg1 Rxc3 17. bxc3 Nxe4 18. c4 a5 19. Rfe1
f5 20. Nd2 Bh4 21. Nxe4 Bxe1 22. Ng5 Bxf3 23. Qxe6+ Kh8 24. Nxf3 Bc3 25. Rd1
Nc5 26. Bxc5 dxc5 27. Ng5 Qe8 28. Nf7+ Kg8 29. Nh6+ Kh8 30. Rd8 Qxd8 31. Qg8+
Rxg8 32. Nf7# {1-0 (32) Abergel,T (2458)-Lazov,T (2290) Novi Sad 2016}) 6. d3
Bb7 7. Qe2 Nc6 8. Bb3 $146 ({Predecessor (2):} 8. O-O Nf6 9. Bg5 Be7 10. e5
dxe5 11. Nxe5 Nd4 12. Qd2 O-O 13. f4 Ne8 14. Bxe7 Qxe7 15. Ne2 Nd6 16. Nxd4
cxd4 17. Bb3 Nf5 18. Rae1 Rfe8 19. c3 Rad8 20. Rf2 Qc7 21. Rfe2 Qc5 22. Kh1 Bd5
23. Bxd5 Qxd5 24. c4 Qd6 25. Nf3 Ne3 26. Nxd4 Nxg2 27. Nf5 Qxf4 28. Nh6+ Qxh6
29. Qxh6 gxh6 30. Rxg2+ Kf8 31. Re3 Rd4 32. Kg1 Red8 33. Rgg3 Ke7 34. Kf2 b5
35. axb5 axb5 36. b3 b4 37. Rh3 R8d7 {
Wijesurija,G (2170)-Atlas,V (2470) Yerevan 1996 1/2 (67)}) 8... Nf6 9. Bf4 Be7
10. O-O Nd4 11. Nxd4 cxd4 12. Nb1 O-O 13. Bg3 d5 14. e5 Nd7 15. f4 Nc5 16. Nd2
Bc8 17. Bf2 f5 18. Bxd4 Qc7 19. c3 Bd7 20. Bc2 Be8 21. b4 Nd7 22. a5 bxa5 23.
Rxa5 Bxb4 24. cxb4 Qxc2 25. Rfa1 Bh5 26. Qe3 Qc6 27. Ba7 Nb8 28. Bc5 Rc8 29.
Nb3 Qb7 30. Bd6 Nd7 31. h3 Rc2 32. Nd4 Rb2 33. Qc1 Rxb4 34. Bxb4 Qxb4 35. R5a4
Qb6 36. Qc6 Qxc6 37. Nxc6 Nc5 38. R4a3 Be8 39. Rc1 Nb7 40. Nd4 1-0

[Event "179th open MGU 14-15 January 2017"]
[Site "Sofia"]
[Date "2017.01.14"]
[Round "2.4"]
[White "Andreev, Krasimir"]
[Black "Ignatov, Bojidar"]
[Result "0-1"]
[WhiteElo "1882"]
[BlackElo "1826"]
[PlyCount "96"]
[EventDate "2017.01.14"]
[EventType "swiss"]
[EventRounds "6"]
[EventCountry "BUL"]
[SourceDate "2008.07.28"]

1. e4 c5 2. Nf3 d6 3. d4 cxd4 4. Nxd4 Nf6 5. Bd3 a6 6. b3 ({Relevant:} 6. O-O
e6 7. c4 g6 8. Qe2 Bg7 9. Rd1 O-O 10. Bc2 Qc7 11. Nc3 Nfd7 12. h3 b6 13. Nf3
Ne5 14. Nxe5 dxe5 15. Ba4 Bb7 16. Qd3 Rc8 17. Qd6 Qxd6 18. Rxd6 Nc6 19. Be3 b5
20. cxb5 axb5 21. Bxb5 Nd4 22. Rb6 Rcb8 23. Bd3 Bf8 24. Bxd4 exd4 25. Ne2 e5
26. a4 Bc8 27. Rxb8 Rxb8 28. Bb5 Bb7 29. f3 Bh6 30. b3 Kg7 31. Bd3 Bc6 32. Rb1
Bd2 33. g4 Bd7 34. Kg2 Be6 35. Bb5 Rc8 {
Videnova,I (2380)-Kozul,Z (2632) Durres 2014 1/2}) 6... e5 7. Ne2 d5 8. Bg5
dxe4 $146 ({Predecessor:} 8... Qa5+ 9. Bd2 Qc7 10. Ng3 d4 11. O-O Bd6 12. c3
Nc6 13. h3 O-O 14. Bg5 Ne8 15. cxd4 Nxd4 16. Nd2 f6 17. Be3 Bc5 18. Rc1 Qe7 19.
Kh1 Ba3 20. Rb1 Bc5 21. Rc1 g6 22. Ne2 Ne6 23. Bh6 N8g7 24. f4 exf4 25. Nxf4
Nxf4 26. Rxf4 Be3 27. Bxg7 Kxg7 28. Rf3 Ba7 29. Qe2 Be6 30. Rcf1 Rad8 31. Bc4
Bd7 32. Bd5 Bb5 33. Bc4 Bc6 34. Rd3 b5 35. Rxd8 Rxd8 36. Bd3 Qd6 37. Rf3 Qd4
38. Qf1 {Bilic,M-Bodo,N Banja Luka 2004 0-1}) 9. Bxf6 Qxf6 10. Bxe4 Bc5 11. O-O
O-O 12. c3 Qe7 13. Ng3 g6 14. b4 Ba7 15. Kh1 f5 16. Bd5+ Kg7 17. f3 Nd7 18. Nd2
Nb6 19. Bb3 Bd7 20. a3 Rae8 21. Qe2 Nc8 22. Rfe1 Nd6 23. a4 Bb8 24. c4 Nf7 25.
c5 Qh4 26. Bxf7 Rxf7 27. Ndf1 Qxb4 28. Reb1 Qxc5 29. Rxb7 Bc6 30. Rxf7+ Kxf7
31. Qxa6 e4 32. fxe4 f4 33. Ne2 Bxe4 34. Nd2 Qe5 35. Rf1 Bxg2+ 36. Kxg2 Qxe2+
37. Qxe2 Rxe2+ 38. Rf2 Rxf2+ 39. Kxf2 Ke6 40. a5 Kf5 41. a6 g5 42. h3 h5 43.
Nf3 Ba7+ 44. Kg2 g4 45. Nd2 Kg5 46. Nf1 f3+ 47. Kh2 Kf4 48. h4 Bb8 0-1

[Event "179th open MGU 14-15 January 2017"]
[Site "Sofia"]
[Date "2017.01.14"]
[Round "2.5"]
[White "Ruschukov, Boyan"]
[Black "Babatov, Martin"]
[Result "1-0"]
[WhiteElo "1844"]
[BlackElo "1625"]
[PlyCount "81"]
[EventDate "2017.01.14"]
[EventType "swiss"]
[EventRounds "6"]
[EventCountry "BUL"]
[SourceDate "2008.07.28"]

1. d4 c6 2. c4 d5 3. Nf3 Nf6 4. Nc3 Nbd7 5. Bg5 e6 6. e3 Be7 7. Rc1 Qb6 8. Qc2
O-O 9. Bd3 dxc4 10. Bxc4 Re8 11. O-O h6 12. Bh4 Nd5 13. Bg3 Nxc3 14. bxc3 Qa5
15. e4 b6 16. e5 Ba6 17. Bxa6 Qxa6 18. c4 Rec8 19. Nd2 b5 20. c5 Qb7 21. f4 Nf8
22. f5 exf5 23. Qxf5 Bg5 24. Rcd1 Bxd2 25. Rxd2 Ne6 26. Bf2 Qd7 27. Be3 Nf8 28.
Qe4 Qd5 29. Qxd5 cxd5 30. Rb2 a6 31. a4 Ne6 32. Ra1 bxa4 33. Rxa4 Rc6 34. Kf2
Kf8 35. Bd2 Ra7 36. Ke3 Ke7 37. Ba5 Kd7 38. Rb8 Nxc5 39. dxc5 Rxc5 40. Bb6 Rc3+
41. Kd4 1-0

[Event "179th open MGU 14-15 January 2017"]
[Site "Sofia"]
[Date "2017.01.14"]
[Round "2.7"]
[White "Tsyntsarski, Boyko"]
[Black "Kolev, Velio"]
[Result "1-0"]
[WhiteElo "1636"]
[BlackElo "1734"]
[PlyCount "61"]
[EventDate "2017.01.14"]
[EventType "swiss"]
[EventRounds "6"]
[EventCountry "BUL"]
[SourceDate "2008.07.28"]

1. e4 c5 2. Nf3 Qa5 3. Nc3 g6 ({RR} 3... e6 4. g3 ({RR} 4. d3 h6 5. Bd2 Qd8 6.
d4 cxd4 7. Nxd4 a6 8. Bc4 b5 9. Bb3 Bc5 10. Bf4 Qf6 11. Be3 Ba7 12. Qd2 Ne7 13.
O-O-O Nbc6 14. Rhf1 Bxd4 15. Bxd4 Nxd4 16. Qxd4 Qxd4 17. Rxd4 Nc6 18. Rd2 O-O {
Thiele,S (1258)-Ottens,J (1376)/Germany 2016/EXT 2017/1-0 (44)}) 4... a6 5. Bg2
b5 6. O-O Bb7 7. Re1 b4 8. Nb1 Nc6 9. d3 d6 10. Nbd2 Qc7 11. Nc4 Be7 12. Bf4 e5
13. Bd2 Nf6 14. Nh4 g6 15. Bh6 Bc8 16. Ne3 Rb8 17. c3 Bf8 18. Bg5 {
Aleksic,N (2440)-Bellon Lopez,J (2465)/Cutro 1997/EXT 2000/1-0 (54)}) ({RR} 
3... a6 4. d4 b5 5. Bd2 b4 6. Nd5 e6 7. Nf4 Bb7 8. d5 Nf6 9. dxe6 dxe6 10. e5
Ne4 11. Bd3 Be7 12. O-O Nd7 13. a3 Qc7 14. Qe2 Nxd2 15. Nxd2 Nxe5 16. Be4 Ng6
17. Nd3 Rd8 18. Bxb7 {
Tsyntsarski,B (1737)-Punchev,I (1840)/Sofia 2015/CBM 164 Extra/1-0 (56)}) 4.
Ne5 $146 ({RR} 4. Bc4 Nc6 5. O-O Bg7 6. d3 ({RR} 6. h3 d6 7. Re1 e6 8. d4 Nxd4
9. Nxd4 cxd4 10. Nb5 Qb6 11. c3 Ne7 12. Bg5 a6 13. Nxd4 Qc7 14. Bb3 h6 15. Be3
O-O 16. Qd2 Kh7 17. c4 g5 18. Qe2 Ng6 19. g3 Bxd4 20. Bxd4 e5 {
Karastoichev,E-Piskov,K/Sofia 1960/EXT 1999/1-0}) 6... d6 7. Ng5 e6 8. Nb5 Qd8
9. Bf4 Ne5 10. Bxe5 dxe5 11. f4 Nh6 12. Qd2 a6 13. Nc3 b5 14. Nxb5 axb5 15.
Bxb5+ Bd7 16. Bc4 O-O 17. c3 Rb8 18. fxe5 Bb5 {
Lecic,P (2089)-Stanojevic,B (2300)/Belgrade 2007/CBM 121 Extra/0-1}) ({RR} 4.
Be2 Bg7 5. O-O Nc6 6. Nd5 d6 7. c3 e6 8. Ne3 Nf6 9. Qc2 Nh5 10. g3 O-O 11. Ne1
Nf6 12. f4 d5 13. d3 d4 14. Nc4 Qd8 15. a4 e5 16. f5 Ne8 17. Nf3 gxf5 18. exf5
Bxf5 {Prahov,V-Piskov,K/Sofia 1960/EXT 1999/1-0 (40)}) 4... Bg7 5. Nc4 Qd8 6.
a4 Nc6 7. d3 d6 8. Bf4 Nf6 9. Qd2 Nd4 10. Nb5 Nxb5 11. axb5 d5 12. exd5 Qxd5
13. Rg1 Bd7 14. Be2 Bxb5 15. Nb6 Qd8 16. Nxa8 Qxa8 17. Qa5 Ba6 18. Qxc5 O-O 19.
Bf3 e5 20. Rxa6 exf4 21. Rxa7 Qe8+ 22. Kd2 Nd7 23. Qb4 b6 24. Bc6 Qe5 25. Rxd7
Re8 26. Kc1 Qe2 27. Qxb6 f3 28. Bxf3 Bh6+ 29. Kb1 Qd2 30. Rd8 Rxd8 31. Qxd8+
1-0

[Event "179th open MGU 14-15 January 2017"]
[Site "Sofia"]
[Date "2017.01.14"]
[Round "2.8"]
[White "Sharkov, Venko"]
[Black "Stefanov, Georgi"]
[Result "1-0"]
[WhiteElo "1701"]
[BlackElo "1262"]
[PlyCount "67"]
[EventDate "2017.01.14"]
[EventType "swiss"]
[EventRounds "6"]
[EventCountry "BUL"]
[SourceDate "2008.07.28"]

1. Nf3 Nc6 2. g3 e5 3. d3 d6 4. Bg2 Be7 5. O-O Nf6 6. c4 O-O 7. Nc3 h6 8. Rb1
a5 ({Relevant:} 8... Be6 9. b4 Qd7 10. b5 Na5 11. c5 a6 12. cxd6 Bxd6 13. d4
exd4 14. Qxd4 axb5 15. Rxb5 Be7 16. Bf4 Qc8 17. Qe5 Bd6 18. Qe3 Nc4 19. Qc1 Ba3
20. Qb1 Nd6 21. Bxd6 cxd6 22. Qa1 Bc5 23. Rd1 Bxf2+ 24. Kh1 Bc5 25. Rf1 {
0-1 (25) Ekdyshman,M (2362)-Vajda,L (2554) Zalakaros 2015}) 9. Ne1 Rb8 $146 ({
Predecessor:} 9... Bd7 10. a3 Qc8 11. b4 axb4 12. axb4 Bh3 13. b5 Bxg2 14. Kxg2
Nd4 15. e3 Ne6 16. Nc2 Ng5 17. Qe2 Qh3+ 18. Kg1 Rfe8 19. f4 exf4 20. gxf4 Ne6
21. Qg2 Qxg2+ 22. Kxg2 Nc5 23. Nb4 Bf8 24. Kf3 Ra5 25. e4 Rea8 26. Bb2 Na4 27.
Nxa4 Rxa4 28. Bxf6 gxf6 29. Nd5 Ra3 30. Ke3 c5 31. Rg1+ Kh8 32. Rg2 Ra2 33.
Rbg1 Rxg2 34. Rxg2 Bg7 35. Ne7 Ra1 36. Nf5 Bf8 37. Rd2 Re1+ 38. Kf3 Ra1 39. Kg4
{Mehlhorn,U (2150)-Ehrler,R (1914) Friedrichroda 2007 1-0}) 10. Nc2 Nb4 11. a3
Nxc2 12. Qxc2 c5 13. Bd2 Bd7 14. b4 axb4 15. axb4 b6 16. bxc5 bxc5 17. Rxb8
Qxb8 18. Rb1 Qc8 19. Rb7 Bd8 20. Qa2 Bc6 21. Bxc6 Qxc6 22. Qa7 Ba5 23. Nb1 Bxd2
24. Nxd2 Nh7 25. Rc7 Qe8 26. Ne4 Qe6 27. Re7 Qg6 28. Qd7 Ng5 29. Qxd6 Nh3+ 30.
Kf1 Qh5 31. Qxe5 Ng5 32. h4 Ra8 33. Kg2 Qxe2 34. Nf6+ 1-0